Opening Day Lineups: Chicago White Sox - Statistics

General Stats
  • This quiz has been taken 506 times
    9 since last reset
  • The average score is 40 of 85
Answer Stats
# Starts Answer % Correct
4 Andrew Benintendi
100%
1 Chase Meidroth
100%
1 Colson Montgomery
100%
1 Edgar Quero
100%
1 Garrett Crochet
100%
9 Jose Abreu
100%
1 Luisangel Acuña
100%
6 Luis Robert Jr.
100%
1 Munetaka Murakami
100%
1 Shane Smith
100%
1 Dylan Cease
83%
2 Miguel Vargas
83%
1 Nicky Lopez
83%
6 Tim Anderson
83%
4 Adam Eaton
67%
1 Adam Engel
67%
4 Andrew Vaughn
67%
1 Austin Hays
67%
1 Carlos Rodon
67%
3 Chris Sale
67%
5 Eloy Jimenez
67%
1 Everson Pereira
67%
2 Juan Pierre
67%
3 Lucas Giolito
67%
4 Yasmani Grandal
67%
6 Yóan Moncada
67%
2 Yolmer Sanchez
67%
4 Adam Dunn
50%
3 A.J. Pierzynski
50%
6 Alexei Ramirez
50%
4 Avisail Garcia
50%
1 Daniel Palka
50%
1 Jose Quintana
50%
5 Leury Garcia
50%
3 Melky Cabrera
50%
3 Tyler Flowers
50%
1 AJ Pollock
33%
3 Alejandro De Aza
33%
1 Austin Jackson
33%
2 Carlos Quentin
33%
1 Edwin Encarnacion
33%
1 Elvis Andrus
33%
4 Gordon Beckham
33%
1 James McCann
33%
1 James Shields
33%
1 Jeff Samardzija
33%
1 John Danks
33%
1 Josh Harrison
33%
1 Kevin Pillar
33%
1 Lenyn Sosa
33%
1 Marcus Semien
33%
2 Mark Buehrle
33%
1 Martín Maldonado
33%
1 Matt Davidson
33%
1 Micah Johnson
33%
1 Michael A. Taylor
33%
1 Nick Madrigal
33%
2 Nicky Delmonico
33%
1 Omar Narvaez
33%
4 Paul Konerko
33%
1 Romy Gonzalez
33%
1 Sean Burke
33%
2 Todd Frazier
33%
1 Tyler Saladino
33%
1 Zack Collins
33%
1 Adam LaRoche
17%
4 Alex Rios
17%
1 Austin Slater
17%
2 Brent Morel
17%
1 Brett Lawrie
17%
1 Cody Asche
17%
2 Conor Gillaspie
17%
2 Dayan Viciedo
17%
1 Dioner Navarro
17%
1 Jacob Amaya
17%
1 Jacob May
17%
1 Jake Burger
17%
1 Jeff Keppinger
17%
1 Jimmy Rollins
17%
1 Korey Lee
17%
1 Mark Kotsay
17%
1 Mark Teahen
17%
1 Paul DeJong
17%
1 Wellington Castillo
17%
1 Yonder Alonso
17%
No matching quizzes found
Score Distribution
Percent of People with Each Score
Percentile by Number Answered
Your Score History
You have not taken this quiz since the last reset